<?xml version="1.0" encoding="UTF-8"?>
<record
    xmlns:xsi="http://www.w3.org/2001/XMLSchema-instance"
    xsi:schemaLocation="http://www.loc.gov/MARC21/slim http://www.loc.gov/standards/marcxml/schema/MARC21slim.xsd"
    xmlns="http://www.loc.gov/MARC21/slim">

  <leader>     nam a22     7a 4500</leader>
  <datafield tag="999" ind1=" " ind2=" ">
    <subfield code="c">259223</subfield>
    <subfield code="d">259223</subfield>
  </datafield>
  <controlfield tag="003">IT-MiCISF</controlfield>
  <controlfield tag="008">161221b        xxu||||| |||| 00| 0 eng d</controlfield>
  <datafield tag="020" ind1=" " ind2=" ">
    <subfield code="a">9788867085019</subfield>
  </datafield>
  <datafield tag="040" ind1=" " ind2=" ">
    <subfield code="c">IT-MiCISF</subfield>
    <subfield code="a">IT-MiCISF</subfield>
  </datafield>
  <datafield tag="041" ind1=" " ind2=" ">
    <subfield code="a">it</subfield>
  </datafield>
  <datafield tag="100" ind1=" " ind2=" ">
    <subfield code="a">Rhoads Steven E.</subfield>
    <subfield code="9">56110</subfield>
  </datafield>
  <datafield tag="245" ind1=" " ind2=" ">
    <subfield code="a">Uguali mai</subfield>
    <subfield code="b">Quello che tutti sanno sulle differenze tra i sessi ma non osano dire</subfield>
  </datafield>
  <datafield tag="260" ind1=" " ind2=" ">
    <subfield code="a">Torino</subfield>
    <subfield code="b">Lindau</subfield>
    <subfield code="c">2016</subfield>
  </datafield>
  <datafield tag="300" ind1=" " ind2=" ">
    <subfield code="a">pp. 458</subfield>
  </datafield>
  <datafield tag="500" ind1=" " ind2=" ">
    <subfield code="a">differenza-sessuale, periodo-neonatale, adolescenza, et&#xE0;-adulta, comportamento, femminismo, cultura, rapporti-genitori-figli</subfield>
  </datafield>
  <datafield tag="520" ind1=" " ind2=" ">
    <subfield code="a">Oggi il dibattito sulla sessualit&#xE0; d&#xE0; spesso per scontato che le differenze fra uomini e donne siano fondamentalmente insignificanti e "socialmente determinate", o che neppure esistano. L&#x2019;A., al contrario, afferma che le distinzioni sessuali restano profondamente radicate nella natura umana, presentando un gran numero di prove scientifiche che dimostrano come queste differenze siano innate. L&#x2019; A. esplora le differenze maschio - femmina per quanto riguarda l'aggressivit&#xE0; e l'istinto di dominio, la sessualit&#xE0; e la cura dei figli, spiega perch&#xE9; il rifiuto di riconoscere tali differenze ha condizionato fenomeni come la rivoluzione sessuale e le famiglie senza padri, ma sostiene anche che la societ&#xE0; diventa migliore se si scoraggiano alcune tendenze naturali, come l'inclinazione maschile al sesso predatorio, e se ne incoraggiano altre, come la passione e il talento femminili per la cura dei figli.</subfield>
  </datafield>
  <datafield tag="650" ind1=" " ind2=" ">
    <subfield code="a">sessualit&#xE0;</subfield>
    <subfield code="9">56091</subfield>
  </datafield>
  <datafield tag="654" ind1=" " ind2=" ">
    <subfield code="a">saggio</subfield>
  </datafield>
  <datafield tag="942" ind1=" " ind2=" ">
    <subfield code="2">ddc</subfield>
    <subfield code="c">BK</subfield>
  </datafield>
  <datafield tag="952" ind1=" " ind2=" ">
    <subfield code="0">0</subfield>
    <subfield code="1">0</subfield>
    <subfield code="2">ddc</subfield>
    <subfield code="4">0</subfield>
    <subfield code="6">B_7294_000000000000000</subfield>
    <subfield code="7">1</subfield>
    <subfield code="a">CISF</subfield>
    <subfield code="b">CISF</subfield>
    <subfield code="d">2016-12-21</subfield>
    <subfield code="l">0</subfield>
    <subfield code="o">b7294</subfield>
    <subfield code="p">9788867085019</subfield>
    <subfield code="r">2016-12-21 00:00:00</subfield>
    <subfield code="w">2016-12-21</subfield>
    <subfield code="y">BK</subfield>
  </datafield>
</record>
